| 000 | 01079cam a2200301 a 4500 | ||
|---|---|---|---|
| 001 | 15081107 | ||
| 003 | OSt | ||
| 005 | 20230826112315.0 | ||
| 008 | 071115s2009 maua b 001 0 eng | ||
| 010 | _a 2007046000 | ||
| 020 | _a9789332587595 | ||
| 035 | _a(OCoLC)ocn181424075 | ||
| 035 |
_a(OCoLC)181424075 _z(OCoLC)184829053 |
||
| 040 |
_aDLC _cDLC _dBAKER _dC#P _dYDXCP _dBWX _dBTCTA _dDLC |
||
| 050 | 0 | 0 |
_aHG4011 _b.G5 2009 |
| 082 | 0 | 0 |
_a658.15 _bGIT/P |
| 100 | 1 |
_aGitman, Lawrence J. _99364 |
|
| 245 | 1 | 0 |
_aPrinciples of managerial finance / _cLawrence J. Gitman. |
| 250 | _a13th ed. | ||
| 260 |
_aBoston : _bPearson Prentice Hall, _cc2017. |
||
| 300 |
_a796 : _bcol. ill. ; _c27 cm. |
||
| 500 | _aAccompanied by Student access kit for online materials. | ||
| 504 | _aIncludes bibliographical references and index. | ||
| 650 | 0 |
_aCorporations _xFinance. |
|
| 650 | 0 |
_aBusiness enterprises _xFinance. |
|
| 856 | 4 | 1 |
_3Table of contents only _uhttp://www.loc.gov/catdir/toc/ecip084/2007046000.html |
| 942 |
_2ddc _cBK _h658.15 _iGIT/P _k658.15 _mGIT/P |
||
| 999 |
_c41999 _d41999 |
||